000 00630nam a2200181 a 4500
001 000666712
003 AM-YeHGA
005 20250617141812.0
008 090615s1964 ||| r 000 0 rus d
040 _aAM-YeHGA
041 0 _arus
100 1 _aГеоргиевская, Светлана Михайловна
245 1 0 _aСветлые города :
_bЛирическая повесть /
_cС. Георгиевская.
260 _aМосква :
_bСов. писатель,
_c1964.
300 _a265 с. :
_bпортр.
653 0 _aРусская художественная проза - 20 в.
090 _c247239
999 _c245653
_d245653